02143nam a22002177a 4500999001700000020001800017041000900035082002200044100003100066245007600097260003500173300001100208504001900219520145600238546001301694650003001707650002301737650002201760942001201782952013101794 c38148d38148 a9789354223273 aeng. a 306.09546bWAK-K1 aWakhlu, Khemlata eauthor.12aA Kashmiri Century :bPortrait of a Society in Flux /cKhemlata Wakhlu.1 aNoida :bHarperCollins,c2021. a356p.  aInclude index. aA Magnificent Account of Kashmir's Social HistoryPerhaps the most enigmatic region in the world, Kashmir has a special place in the Indian subcontinent's history. Over the several centuries of being ruled by kings from diverse faiths and cultures-Hindus, Buddhists, Muslims, Afghans, Sikhs and Dogras, the region has undergone various cycles of social, cultural and religious changes. Since India's independence, the Kashmir valley has received more media and government attention than any other state. The reasons have been mostly political than for its natural beauty, its contribution to Indian literature or its exuberant flora and fauna. A Kashmiri Century is a one-of-a-kind book that delves deep into the human side of living in the Valley, an aspect often missing in the cold political treatises on Kashmir. It offers a rare glimpse into the lives of Kashmiris-Hindus and Muslims alike-and how their existence revolved around the simple pleasures of life, even as they dealt with the many changes of the past one hundred years. As a native Kashmiri, writer and social worker who has spent the last fiĀ­ve decades serving people, Khem Lata Wakhlu has seen the socio-political landscape change like few others. The stories in the book provide a glimpse of the Kashmir that her generation and her grandparents and parents grew up in. The all-encompassing view of Kashmiri ethos and culture brings a fresh outlook that is much needed in our times. aEnglish. aIndiazJammu and Kashmir. aSocial conditions. aEthnic relations. 2ddccBK 00104070aNASSDOCbNASSDOCd2023-03-16eOverseasg0.00l0o306.09546 WAK-Kp52851r2023-05-18 00:00:00v0.00w2023-05-18yBK